00678nam a2200169 a 450000100100000000500170001000800410002702000150006804000250008310000260010824501050013426000300023930000470026950400730031650500550038971000640044400004191120201002035827.0131022s1983 sp a 000 0 spa d a8460031705 aDO-SdBNPbspacBNPHU1 aMaluquer de Motes, J.13aEl Santuario Protohistórico de Zalamea de la Serena, Badajoz :b1978-1981 /cJ. Maluquer de Motes. aBarcelona :bCSIC,c1983. av. (410 p. LII h. lám.) :bil. ;c30 cm. aIncluye referencias bibliográficas y notas al pie de las páginas2 av. 4tPrograma de investigaciones protohistórica2 aConsejo Superior de Investigaciones Científicas(España)